Normal view
MARC view
- Crewe, Sabrina
Entry Personal Name
001 - CONTROL NUMBER
- control field: 88398
003 - CONTROL NUMBER IDENTIFIER
- control field: NUST
005 - DATE AND TIME OF LATEST TRANSACTION
- control field: 20220114125136.0
008 - FIXED-LENGTH DATA ELEMENTS
- fixed length control field: 220114|| aca||aabn | a|a d
040 ## - CATALOGING SOURCE
- Original cataloging agency: NUST
- Transcribing agency: NUST
100 ## - HEADING--PERSONAL NAME
- Personal name: Crewe, Sabrina
670 ## - SOURCE DATA FOUND
- Source citation: Work cat.: (NUST): Crewe, Sabrina, Comparing Countries Festivals And Celebrations, 2018.
